000 00581nam a2200193 a 4500
001 000018974
005 20200929165906.0
008 100521s1946 sp r 000 f spa d
040 _aDO-SdBNP
_bspa
_cBNPHU
082 _a843.7
_bF815n T.2
100 1 _aFrance, Anatole
_940820
245 1 0 _aNovelas Completas /
_cAnatole France ; traducción Luis Ruíz Contreras.
260 _aMadrid :
_bAguilar,
_c1946.
300 _aT. 2 ;
_c18 cm.
650 4 _aNovela francesa
_91075
650 4 _aLiteratura francesa
_91074
700 1 _aRuíz Contreras, Luis,
_etr.
_940821
049 _aBNGR
999 _c18492
_d18492